000 00785nam a2200205Ia 4500
003 GCL
008 140319s9999 xx 000 0 ara d
040 _aGCL /
_cGCL
082 0 4 _aق
_b962
_bع م
100 1 _aعلى سلامة الجمل
245 1 0 _aمذكرات فى تاريخ مصر القديم والحديث :
_bملحق به مذكرة عن جنوب السودان /
_cعلى سلامة الجمل
260 _a[S.N] :
_bد. ن ،
_c1994
300 _a215 ص ؛
_c22 سم
650 0 4 _aرؤساء الجمهورية
650 0 4 _aالسودان - تاريخ
650 0 4 _aمصر - تاريخ - العصر الحديث
650 0 4 _aمصر القديمة - تاريخ
650 0 4 _aمصر - تاريخ - العصر الحديث - الثورات
942 _2ddc
_cBK
999 _c37189
_d37189